| 000 | 00559nam a2200181 a 4500 | ||
|---|---|---|---|
| 001 | 4161 | ||
| 003 | CDMR | ||
| 005 | 20151019134801.0 | ||
| 008 | 130130s1996||||||||||||||||||||||||||||d | ||
| 020 | _a8479353406 | ||
| 040 |
_aCDMR _bcat _cCDMR |
||
| 245 | 0 |
_aCambra fosca 1936-1946 _b: imatges de Catalunya dels fotoperiodistes Brangulí |
|
| 260 |
_aLleida _c1996 _bPagès |
||
| 500 | _aCatàleg de l'exposició | ||
| 650 | 0 | 4 |
_93679 _aFotoperiodisme _zCatalunya _yS. XX _xExposicions |
| 650 | 0 | 4 |
_93196 _aEspanya _xHistòria _y1936-1939, Guerra Civil |
| 942 |
_cMON _2udc |
||
| 999 |
_c4161 _d4161 |
||